[Event "Mem. V. Mencikove"]
[Site "Prague"]
[Date "2016.09.18"]
[Round "1.1"]
[White "Docekalova, Alexandra"]
[Black "Navara, David"]
[Result "0-1"]
[WhiteElo "1853"]
[BlackElo "2696"]
[PlyCount "64"]
[EventDate "2016.09.18"]
[EventType "swiss (rapid)"]
[EventRounds "9"]
[EventCountry "CZE"]

1. e3 c5 2. d4 d5 3. Nf3 Nf6 4. c3 Qc7 5. Bd3 Bg4 6. Nbd2 Nc6 7. O-O e6 8. h3
Bh5 9. b3 Be7 10. Bb2 O-O 11. Be2 Rad8 12. dxc5 Bxc5 13. Nd4 Bg6 14. a4 e5 15.
Nxc6 bxc6 16. b4 Bd6 17. Nb3 Ne4 18. Nd2 Ng5 19. Nf3 Ne4 20. Nd2 f5 21. Nxe4
fxe4 22. b5 Kh8 23. bxc6 Qxc6 24. Bb5 Qb7 25. Ba3 Bf5 26. Bxd6 Rxd6 27. Rb1
Bxh3 28. gxh3 Qc8 29. Qg4 Rg6 30. Be2 Rxg4+ 31. Bxg4 Qxc3 32. Rfc1 Qd2 0-1

[Event "Mem. V. Mencikove"]
[Site "Prague"]
[Date "2016.09.18"]
[Round "1.2"]
[White "Movsesian, Sergei"]
[Black "Holy, Filip"]
[Result "1-0"]
[WhiteElo "2674"]
[BlackElo "1850"]
[PlyCount "59"]
[EventDate "2016.09.18"]
[EventType "swiss (rapid)"]
[EventRounds "9"]
[EventCountry "CZE"]

1. e4 c6 2. d4 d5 3. e5 c5 4. dxc5 Nc6 5. Nf3 e6 6. a3 a5 7. Be3 Nge7 8. Bd3
Ng6 9. Bxg6 fxg6 10. Nc3 Be7 11. Nb5 O-O 12. O-O g5 13. h3 Bd7 14. Nd6 b6 15.
Re1 bxc5 16. Bxc5 Rb8 17. Rb1 Qc7 18. b4 Nxe5 19. Nxe5 Bxd6 20. Bxd6 Qxd6 21.
Qd2 Rf5 22. Nd3 axb4 23. axb4 Rbf8 24. b5 e5 25. Qb4 Qh6 26. Rxe5 Rxe5 27. Nxe5
Bxh3 28. gxh3 Qxh3 29. Qg4 Qc3 30. Qe6+ 1-0

[Event "Mem. V. Mencikove"]
[Site "Prague"]
[Date "2016.09.18"]
[Round "1.3"]
[White "Zamorsky, Ladislav"]
[Black "Bernasek, Jan"]
[Result "0-1"]
[WhiteElo "1847"]
[BlackElo "2536"]
[PlyCount "58"]
[EventDate "2016.09.18"]
[EventType "swiss (rapid)"]
[EventRounds "9"]
[EventCountry "CZE"]

1. e4 c5 2. Nf3 e6 3. d4 cxd4 4. Nxd4 a6 5. c4 Nf6 6. Nc3 Bb4 7. Bd3 Nc6 8.
Nxc6 dxc6 9. O-O e5 10. Ne2 Bc5 11. Qc2 Be6 12. Bd2 Qe7 13. Rab1 a5 14. Rbd1
O-O 15. Bc3 Nd7 16. Ng3 Rfd8 17. Nf5 Qf6 18. Qe2 g6 19. Nh6+ Kg7 20. Ng4 Qg5
21. h3 h5 22. Bd2 Qe7 23. Ne3 Bd4 24. Bc1 Nc5 25. Bc2 Rd7 26. Rd2 Rad8 27. Rfd1
Rd6 28. Bb1 Na4 29. Kh2 Qc7 0-1

[Event "Mem. V. Mencikove"]
[Site "Prague"]
[Date "2016.09.18"]
[Round "1.4"]
[White "Michalik, Peter"]
[Black "Wirkner, Frantisek"]
[Result "1-0"]
[WhiteElo "2521"]
[BlackElo "1846"]
[PlyCount "69"]
[EventDate "2016.09.18"]
[EventType "swiss (rapid)"]
[EventRounds "9"]
[EventCountry "CZE"]

1. e4 c5 2. Nf3 Nc6 3. d4 cxd4 4. Nxd4 Nf6 5. Nc3 e5 6. Ndb5 d6 7. Bg5 a6 8.
Na3 Be6 9. Nc4 Be7 10. Bxf6 gxf6 11. Ne3 Nd4 12. Ncd5 Rg8 13. c3 Bxd5 14. Nxd5
Ne6 15. g3 Rc8 16. Bh3 Rc6 17. Qh5 Nf8 18. O-O-O Rg5 19. Qe2 Qa5 20. Kb1 Qc5
21. f4 Rg7 22. Ne3 b5 23. Rd5 Qb6 24. a3 a5 25. Rxb5 Qc7 26. Nd5 Qa7 27. Qd1
Ne6 28. Qa4 Nc5 29. Rxa5 Nxa4 30. Rxa7 Nc5 31. Rxe7+ Kf8 32. Ra7 Rg6 33. Ra8+
Kg7 34. Ne7 Rb6 35. Nf5# 1-0

[Event "Mem. V. Mencikove"]
[Site "Prague"]
[Date "2016.09.18"]
[Round "1.5"]
[White "Ayriyan, Bella"]
[Black "Cernousek, Lukas"]
[Result "0-1"]
[WhiteElo "1843"]
[BlackElo "2494"]
[PlyCount "50"]
[EventDate "2016.09.18"]
[EventType "swiss (rapid)"]
[EventRounds "9"]
[EventCountry "CZE"]

1. Nf3 g6 2. g3 Bg7 3. Bg2 e5 4. d3 d5 5. O-O c5 6. e4 d4 7. a4 Nc6 8. Na3 Nge7
9. Ne1 O-O 10. Nc4 f5 11. f3 f4 12. g4 h5 13. h4 g5 14. hxg5 hxg4 15. fxg4 Ng6
16. Qf3 Qxg5 17. Bh3 Rf6 18. Ng2 Nd8 19. Bd2 Nf7 20. Kf2 Nh4 21. Nxh4 Qxh4+ 22.
Ke2 Ng5 23. Be1 Qh6 24. Qh1 Nxh3 25. Nxe5 f3+ 0-1

[Event "Mem. V. Mencikove"]
[Site "Prague"]
[Date "2016.09.18"]
[Round "1.6"]
[White "Kourousis, Epaminondas"]
[Black "Rovatti, Paolo"]
[Result "1-0"]
[WhiteElo "2458"]
[BlackElo "1842"]
[PlyCount "73"]
[EventDate "2016.09.18"]
[EventType "swiss (rapid)"]
[EventRounds "9"]
[EventCountry "CZE"]

1. d4 g6 2. c4 Bg7 3. e4 d6 4. Nc3 Nd7 5. Nf3 c5 6. Be2 Ngf6 7. d5 O-O 8. O-O
a6 9. Re1 Ng4 10. h3 Nge5 11. Nh2 Nf6 12. Bf1 Qc7 13. f4 Ned7 14. Nf3 h5 15.
Be3 Re8 16. Bf2 Nh7 17. Qd2 Ndf8 18. e5 Bf5 19. Rad1 Kh8 20. Nh4 Bd7 21. e6
fxe6 22. dxe6 Nxe6 23. Nxg6+ Kg8 24. Nd5 Qd8 25. Bh4 Nf6 26. Ngxe7+ Rxe7 27.
Bxf6 Bxf6 28. Nxf6+ Kh8 29. f5 Nf8 30. Qh6+ Nh7 31. Rxd6 Rg7 32. Rxd7 Rxd7 33.
Nxd7 Qxd7 34. Qf4 Rg8 35. Qe5+ Rg7 36. Qe8+ Qxe8 37. Rxe8+ 1-0

[Event "Mem. V. Mencikove"]
[Site "Prague"]
[Date "2016.09.18"]
[Round "1.7"]
[White "Nytrova, Adela"]
[Black "Konopka, Michal"]
[Result "0-1"]
[WhiteElo "1835"]
[BlackElo "2422"]
[PlyCount "26"]
[EventDate "2016.09.18"]
[EventType "swiss (rapid)"]
[EventRounds "9"]
[EventCountry "CZE"]

1. e4 Nf6 2. Nc3 d5 3. exd5 Nxd5 4. Nxd5 Qxd5 5. d4 e5 6. dxe5 Qxd1+ 7. Kxd1
Nc6 8. Bb5 Bg4+ 9. Ke1 O-O-O 10. Bf4 Nb4 11. Ba4 Bf5 12. Ne2 Bxc2 13. Rc1 Bxa4
0-1

[Event "Mem. V. Mencikove"]
[Site "Prague"]
[Date "2016.09.18"]
[Round "1.8"]
[White "Pulpan, Jakub"]
[Black "Ruzickova, Radka"]
[Result "1-0"]
[WhiteElo "2411"]
[BlackElo "1833"]
[PlyCount "67"]
[EventDate "2016.09.18"]
[EventType "swiss (rapid)"]
[EventRounds "9"]
[EventCountry "CZE"]

1. e4 e6 2. d4 d5 3. Nd2 Nf6 4. e5 Nfd7 5. Bd3 c5 6. c3 Nc6 7. Ne2 cxd4 8. cxd4
f6 9. exf6 Nxf6 10. Nf3 Bd6 11. O-O O-O 12. Bf4 Bxf4 13. Nxf4 Ne4 14. Ne2 Rxf3
15. gxf3 Qg5+ 16. Kh1 Nf6 17. Qc1 Qh5 18. Qf4 e5 19. dxe5 Nxe5 20. Ng3 Qxf3+
21. Qxf3 Nxf3 22. Be2 Nd2 23. Rfd1 Nde4 24. Nxe4 Nxe4 25. Rxd5 Bh3 26. Bc4
Nxf2+ 27. Kg1 Be6 28. Kxf2 Bxd5 29. Bxd5+ Kf8 30. Re1 Rb8 31. Re3 b6 32. Rf3+
Ke8 33. Bb3 Rd8 34. Ke2 1-0

[Event "Mem. V. Mencikove"]
[Site "Prague"]
[Date "2016.09.18"]
[Round "1.9"]
[White "Kalvach, Ladislav"]
[Black "Neuman, Petr"]
[Result "0-1"]
[WhiteElo "1832"]
[BlackElo "2408"]
[PlyCount "62"]
[EventDate "2016.09.18"]
[EventType "swiss (rapid)"]
[EventRounds "9"]
[EventCountry "CZE"]

1. e4 c5 2. Ne2 d6 3. g3 g6 4. Bg2 Bg7 5. c3 Nf6 6. O-O O-O 7. d4 Nbd7 8. h3
Rb8 9. Be3 b6 10. f4 Bb7 11. Nd2 e6 12. Qb3 Qe7 13. Rf2 cxd4 14. Nxd4 e5 15.
fxe5 dxe5 16. Nb5 a6 17. Nc7 Nc5 18. Bxc5 bxc5 19. Qb6 Bxe4 20. Qa5 Bxg2 21.
Kxg2 Rfc8 22. Nxa6 Qb7+ 23. Kh2 Ra8 24. Raf1 Rxa6 25. Nc4 Rxa5 26. Nxa5 Qa6 27.
Nb3 Qxa2 28. Nd2 Qe6 29. c4 h5 30. b3 Rd8 31. Nf3 Ne4 0-1

[Event "Mem. V. Mencikove"]
[Site "Prague"]
[Date "2016.09.18"]
[Round "2.1"]
[White "Navara, David"]
[Black "Kubikova, Hana"]
[Result "1-0"]
[WhiteElo "2696"]
[BlackElo "2082"]
[PlyCount "43"]
[EventDate "2016.09.18"]
[EventType "swiss (rapid)"]
[EventRounds "9"]
[EventCountry "CZE"]

1. e4 c5 2. Nf3 Nf6 3. e5 Nd5 4. g3 e6 5. Bg2 Nc6 6. O-O Be7 7. Re1 O-O 8. d4
d6 9. exd6 Qxd6 10. dxc5 Qxc5 11. Nbd2 Nf6 12. Nb3 Qd6 13. Qe2 Rd8 14. Bf4 Qb4
15. Rad1 Nd5 16. Bg5 a5 17. c3 Qb6 18. Bxe7 Ndxe7 19. Rxd8+ Qxd8 20. Rd1 Qb6
21. Ne5 Nxe5 22. Qb5 1-0

[Event "Mem. V. Mencikove"]
[Site "Prague"]
[Date "2016.09.18"]
[Round "2.2"]
[White "Muk, Ivo"]
[Black "Movsesian, Sergei"]
[Result "0-1"]
[WhiteElo "2081"]
[BlackElo "2674"]
[PlyCount "66"]
[EventDate "2016.09.18"]
[EventType "swiss (rapid)"]
[EventRounds "9"]
[EventCountry "CZE"]

1. c4 e5 2. Nc3 Nc6 3. g3 Nf6 4. Bg2 Bc5 5. e3 O-O 6. Nge2 a6 7. O-O Ba7 8. d4
d6 9. a3 Bf5 10. Re1 Qd7 11. b4 Bh3 12. Bh1 Rae8 13. b5 Na5 14. Qa4 exd4 15.
Qxa5 Bb6 16. Qa4 dxc3 17. Bxb7 Ne4 18. Nf4 Nc5 19. Bc6 Nxa4 20. Bxd7 Bxd7 21.
bxa6 Re4 22. Nd5 Ra8 23. Kg2 Rxc4 24. e4 Rxa6 25. f3 Kf8 26. e5 dxe5 27. Rxe5
Bd4 28. Rh5 h6 29. Nb4 Re6 30. Ra2 c5 31. Nd5 Nb2 32. Nf4 Re1 33. Bxb2 Rg1# 0-1

[Event "Mem. V. Mencikove"]
[Site "Prague"]
[Date "2016.09.18"]
[Round "2.3"]
[White "Bernasek, Jan"]
[Black "Rut, Vojtech"]
[Result "1-0"]
[WhiteElo "2536"]
[BlackElo "2073"]
[PlyCount "45"]
[EventDate "2016.09.18"]
[EventType "swiss (rapid)"]
[EventRounds "9"]
[EventCountry "CZE"]

1. d4 c5 2. d5 f5 3. g3 Nf6 4. Bg2 g6 5. c4 Bg7 6. Nc3 O-O 7. Nh3 e5 8. dxe6
dxe6 9. Qxd8 Rxd8 10. Be3 Na6 11. O-O Ng4 12. Bg5 Rd4 13. Nb5 Rxc4 14. Rad1 h6
15. Rd8+ Kh7 16. Nd6 Rd4 17. Be7 Rxd6 18. Bxd6 Bxb2 19. Rd1 Bd4 20. e3 Be5 21.
Bxe5 Nxe5 22. Re8 g5 23. Rdd8 1-0

[Event "Mem. V. Mencikove"]
[Site "Prague"]
[Date "2016.09.18"]
[Round "2.4"]
[White "Baran, Peter"]
[Black "Michalik, Peter"]
[Result "0-1"]
[WhiteElo "2073"]
[BlackElo "2521"]
[PlyCount "137"]
[EventDate "2016.09.18"]
[EventType "swiss (rapid)"]
[EventRounds "9"]
[EventCountry "CZE"]

1. e4 c6 2. d4 d5 3. f3 Qb6 4. Nc3 e6 5. Nge2 Nf6 6. Bg5 Qxb2 7. Rb1 Qa3 8.
Bxf6 gxf6 9. g3 Nd7 10. Bg2 Nb6 11. O-O Bd7 12. f4 f5 13. exf5 exf5 14. Rb3 Qd6
15. Nc1 Bg7 16. Re1+ Kf8 17. N3e2 Re8 18. c3 h5 19. h4 Bc8 20. Nd3 Nc4 21. Ne5
Ne3 22. Qd3 Ng4 23. Rbb1 Kg8 24. Nxg4 fxg4 25. Kf2 Rh6 26. Nc1 Rxe1 27. Kxe1
Re6+ 28. Kf2 Re7 29. Nb3 Bh6 30. Re1 Rxe1 31. Kxe1 Qg6 32. Nc5 Qxd3 33. Nxd3
Bf5 34. Kd2 Bf8 35. Bf1 Bd6 36. Ne5 f6 37. Nd3 Kf7 38. Be2 Ke7 39. Bd1 b6 40.
Bb3 Be6 41. Bc2 c5 42. Nc1 Kf7 43. Bb3 c4 44. Bc2 Ba3 45. Ne2 f5 46. Bb1 Bd7
47. Nc1 Ke6 48. Bc2 b5 49. Ne2 a5 50. Bd1 b4 51. Bc2 Bb5 52. Bd1 Bb2 53. Kc2
Ba3 54. Kd2 b3 55. axb3 cxb3 56. Bxb3 a4 57. Bc2 Bb2 58. Nc1 Ba3 59. Bd1 Bd6
60. Bc2 a3 61. Na2 Bc4 62. Bb1 Ke7 63. Nc1 Kd8 64. Ba2 Bxa2 65. Nxa2 Kc7 66.
Kd3 Kb6 67. c4 dxc4+ 68. Kxc4 Bxf4 69. Nc1 {Kb5+ Kd3} 0-1

[Event "Mem. V. Mencikove"]
[Site "Prague"]
[Date "2016.09.18"]
[Round "2.5"]
[White "Cernousek, Lukas"]
[Black "Eretova, Jana"]
[Result "1-0"]
[WhiteElo "2494"]
[BlackElo "2073"]
[PlyCount "49"]
[EventDate "2016.09.18"]
[EventType "swiss (rapid)"]
[EventRounds "9"]
[EventCountry "CZE"]

1. Nf3 c5 2. c4 g6 3. d4 Bg7 4. e4 cxd4 5. Nxd4 Nc6 6. Be3 d6 7. Nc3 Nf6 8. Be2
O-O 9. O-O Nxd4 10. Bxd4 Be6 11. f4 Qc8 12. Nd5 Bxd5 13. exd5 Qd7 14. Bd3 a6
15. a4 Rac8 16. a5 e6 17. dxe6 fxe6 18. Qe2 Ne8 19. Bb6 Nc7 20. Rad1 Rce8 21.
b3 d5 22. Qe3 Na8 23. Bc5 Rf7 24. Be4 Qc7 25. Bxd5 1-0

[Event "Mem. V. Mencikove"]
[Site "Prague"]
[Date "2016.09.18"]
[Round "2.6"]
[White "Istona, Martin"]
[Black "Kourousis, Epaminondas"]
[Result "0-1"]
[WhiteElo "2064"]
[BlackElo "2458"]
[PlyCount "52"]
[EventDate "2016.09.18"]
[EventType "swiss (rapid)"]
[EventRounds "9"]
[EventCountry "CZE"]

1. e4 c5 2. Nf3 Nc6 3. Bb5 Nf6 4. Bxc6 dxc6 5. d3 Qc7 6. h3 e5 7. Nc3 h6 8. Be3
Be6 9. O-O O-O-O 10. Qe2 g5 11. Nd2 Be7 12. a3 Nd7 13. Rfb1 h5 14. b4 g4 15.
hxg4 hxg4 16. Nf1 Rh4 17. Ng3 Rdh8 18. Qd2 a6 19. bxc5 Nxc5 20. a4 f6 21. a5
Bd6 22. Nce2 Qh7 23. Kf1 Rh1+ 24. Ng1 Rxg1+ 25. Kxg1 Nxe4 26. Qe1 Bd5 0-1

[Event "Mem. V. Mencikove"]
[Site "Prague"]
[Date "2016.09.18"]
[Round "2.7"]
[White "Konopka, Michal"]
[Black "Plasek, Zdenek"]
[Result "1/2-1/2"]
[WhiteElo "2422"]
[BlackElo "2056"]
[PlyCount "63"]
[EventDate "2016.09.18"]
[EventType "swiss (rapid)"]
[EventRounds "9"]
[EventCountry "CZE"]

1. Nf3 c5 2. c4 Nf6 3. Nc3 d5 4. cxd5 Nxd5 5. g3 Nc6 6. Bg2 Nc7 7. Qa4 Bd7 8.
Qe4 e6 9. d4 cxd4 10. Nxd4 Nxd4 11. Qxd4 Bc6 12. Bxc6+ bxc6 13. Qc4 Qd6 14. Bf4
Qd7 15. e4 Nb5 16. Rd1 Qb7 17. O-O Be7 18. Ne2 a6 19. a4 Na7 20. b3 O-O 21. Rd3
Rad8 22. Rfd1 Rxd3 23. Rxd3 Rd8 24. Be3 Rxd3 25. Qxd3 Nc8 26. e5 Nb6 27. Bxb6
Qxb6 28. Kg2 Qa5 29. f4 Qd5+ 30. Qxd5 cxd5 31. Kf3 Bc5 32. Nc1 1/2-1/2

[Event "Mem. V. Mencikove"]
[Site "Prague"]
[Date "2016.09.18"]
[Round "2.8"]
[White "Melich, Jindrich"]
[Black "Pulpan, Jakub"]
[Result "0-1"]
[WhiteElo "2047"]
[BlackElo "2411"]
[PlyCount "94"]
[EventDate "2016.09.18"]
[EventType "swiss (rapid)"]
[EventRounds "9"]
[EventCountry "CZE"]

1. b4 Nf6 2. Bb2 e5 3. Bxe5 Bxb4 4. c4 O-O 5. Nf3 d6 6. Bb2 Bg4 7. e3 Nbd7 8.
Be2 Re8 9. O-O c6 10. d4 Ne4 11. Qc2 Ndf6 12. Nc3 Qd7 13. Nxe4 Nxe4 14. Rfd1
Ba5 15. Rab1 Bc7 16. Ba1 Rab8 17. d5 c5 18. Qb2 Nf6 19. Qb5 Qe7 20. Qb2 Bd8 21.
h3 Bf5 22. Rbc1 Qf8 23. Bd3 Ne4 24. Qc2 Bg6 25. Nd2 f5 26. Nxe4 fxe4 27. Be2
Bf5 28. Bg4 Bxg4 29. hxg4 Bf6 30. Bxf6 Qxf6 31. Rb1 Qg5 32. Qe2 Re7 33. Rb3 Rf8
34. f4 exf3 35. gxf3 h5 36. Rf1 hxg4 37. fxg4 Rxf1+ 38. Kxf1 Qh4 39. Qg2 Qf6+
40. Qf2 Qg6 41. Qe2 b6 42. Kg2 Qe4+ 43. Kg3 Qh1 44. Rd3 Re4 45. Rd1 Qh6 46. Rd3
g5 47. Qh2 Rxg4+ 0-1

[Event "Mem. V. Mencikove"]
[Site "Prague"]
[Date "2016.09.18"]
[Round "2.9"]
[White "Neuman, Petr"]
[Black "Kucera, Tomas"]
[Result "1-0"]
[WhiteElo "2408"]
[BlackElo "2030"]
[PlyCount "99"]
[EventDate "2016.09.18"]
[EventType "swiss (rapid)"]
[EventRounds "9"]
[EventCountry "CZE"]

1. d4 Nf6 2. c4 d6 3. Nc3 g6 4. e4 Bg7 5. Nf3 O-O 6. Be2 e5 7. Be3 exd4 8. Nxd4
Re8 9. f3 c6 10. Bf2 d5 11. exd5 cxd5 12. O-O Nc6 13. c5 Qa5 14. Ncb5 Bf8 15.
a3 a6 16. b4 Qd8 17. Nc3 Bg7 18. Qd2 Bd7 19. Rfd1 Qe7 20. Bf1 Rad8 21. Re1 Qf8
22. Rxe8 Bxe8 23. Re1 Nh5 24. Nxc6 Bxc6 25. Bd4 Bh6 26. Qf2 Re8 27. g3 Ng7 28.
Bh3 Ne6 29. Bxe6 Rxe6 30. Rxe6 fxe6 31. f4 Bg7 32. Ne2 Qf5 33. Qe3 Bb5 34. Nc3
Bxd4 35. Qxd4 Qd3 36. Qxd3 Bxd3 37. Kf2 Kf7 38. Ke3 Bc4 39. Kd4 Kf6 40. a4 h6
41. b5 axb5 42. axb5 g5 43. b6 Ke7 44. c6 Ba6 45. c7 Kd7 46. Na4 gxf4 47. gxf4
Kc8 48. Nc5 Bb5 49. Nxe6 Bc6 50. f5 1-0

[Event "Mem. V. Mencikove"]
[Site "Prague"]
[Date "2016.09.18"]
[Round "3.1"]
[White "Nguyen Thai Dai, Van"]
[Black "Navara, David"]
[Result "0-1"]
[WhiteElo "2252"]
[BlackElo "2696"]
[PlyCount "106"]
[EventDate "2016.09.18"]
[EventType "swiss (rapid)"]
[EventRounds "9"]
[EventCountry "CZE"]

1. e4 e5 2. Nf3 Nc6 3. Bb5 Nf6 4. d3 d6 5. c3 g6 6. O-O Bg7 7. Re1 O-O 8. d4
Bd7 9. d5 Ne7 10. Bxd7 Nxd7 11. Be3 h6 12. Nfd2 f5 13. f3 Kh7 14. c4 Bf6 15.
Nc3 Bh4 16. Rf1 f4 17. Bf2 Bxf2+ 18. Rxf2 g5 19. b4 Rg8 20. h3 h5 21. Kf1 g4
22. hxg4 hxg4 23. Ke2 Nf6 24. Nb3 Kg7 25. c5 Rh8 26. Qd2 Rh2 27. Kd1 a5 28.
bxa5 Rxa5 29. Nxa5 Rh1+ 30. Kc2 Rxa1 31. Kb2 Rh1 32. Nxb7 Qa8 33. c6 g3 34. Re2
Qa7 35. a4 Qb6+ 36. Ka2 Qa6 37. Qb2 Qc4+ 38. Qb3 Qd4 39. a5 Qg1 40. Qb2 Kg6 41.
a6 Qa7 42. Qa3 Rf1 43. Nb5 Qg1 44. Qb2 Nc8 45. Nxc7 Rf2 46. Nb5 Qxg2 47. Nc3
Qxf3 48. Nxd6 Nxd6 49. a7 Nc4 50. Qc2 Rxe2 51. Qxe2 Qxc3 52. a8=Q f3 53. Qc8
fxe2 0-1

[Event "Mem. V. Mencikove"]
[Site "Prague"]
[Date "2016.09.18"]
[Round "3.2"]
[White "Movsesian, Sergei"]
[Black "Vykouk, Jan"]
[Result "1-0"]
[WhiteElo "2674"]
[BlackElo "2254"]
[PlyCount "123"]
[EventDate "2016.09.18"]
[EventType "swiss (rapid)"]
[EventRounds "9"]
[EventCountry "CZE"]

1. e4 c5 2. Nf3 d6 3. Nc3 Nf6 4. d4 cxd4 5. Qxd4 Nc6 6. Bb5 Bd7 7. Bxc6 Bxc6 8.
Bg5 e6 9. Qd3 Be7 10. O-O-O Qa5 11. h4 Qa6 12. Qxa6 bxa6 13. Nd4 Bb7 14. f3 Nd7
15. Bxe7 Kxe7 16. Nb3 Rac8 17. Rd4 Nb6 18. Na5 Ba8 19. Rhd1 Rhd8 20. Na4 e5 21.
Rb4 d5 22. Nxb6 axb6 23. Rxb6 dxe4 24. Rxd8 Rxd8 25. fxe4 Bxe4 26. Nc4 Bxg2 27.
Nxe5 f5 28. Rxa6 f4 29. Ra4 Ke6 30. Nd3 f3 31. Re4+ Kf5 32. Rf4+ Ke6 33. Kd2 h6
34. Ke3 g5 35. hxg5 hxg5 36. Re4+ Kf5 37. Nf2 Rg8 38. a4 Rc8 39. c3 Ra8 40. Nd3
Bf1 41. Nf2 Be2 42. Nh1 Bd1 43. Ng3+ Kf6 44. Rd4 Bxa4 45. Kxf3 Bc6+ 46. Kg4 Ba4
47. Ne4+ Ke5 48. Nxg5 Bc2 49. Nf3+ Ke6 50. Kf4 Ra4 51. Ke3 Ke7 52. Rxa4 Bxa4
53. Kd4 Kd6 54. b4 Bd1 55. Ne5 Kc7 56. Kc5 Bc2 57. b5 Be4 58. Nc4 Bg2 59. Na5
Bf3 60. c4 Bg2 61. b6+ Kb8 62. Kd6 1-0

[Event "Mem. V. Mencikove"]
[Site "Prague"]
[Date "2016.09.18"]
[Round "3.3"]
[White "Richtrova, Eliska"]
[Black "Bernasek, Jan"]
[Result "1/2-1/2"]
[WhiteElo "2224"]
[BlackElo "2536"]
[PlyCount "130"]
[EventDate "2016.09.18"]
[EventType "swiss (rapid)"]
[EventRounds "9"]
[EventCountry "CZE"]

1. c4 c5 2. Nc3 Nc6 3. Nf3 g6 4. d4 cxd4 5. Nxd4 Bg7 6. Nc2 Nf6 7. e4 O-O 8.
Be2 d6 9. O-O Be6 10. Ne3 Nd7 11. Bg4 Nc5 12. Bxe6 fxe6 13. f3 Ne5 14. Bd2 Qb6
15. Rb1 Ncd3 16. b3 Ng4 17. fxg4 Bxc3 18. Qc2 Bxd2 19. Qxd2 Nc5 20. e5 dxe5 21.
Rxf8+ Rxf8 22. Rf1 Rf4 23. g3 Ne4 24. Qd3 Rxf1+ 25. Kxf1 Qd4 26. Qe2 Nc3 27.
Qf3 Qd3+ 28. Kg2 Ne4 29. Nd1 Qd4 30. Nf2 Nd6 31. g5 e4 32. Qg4 Qe5 33. Qf4 Qf5
34. Ng4 Nf7 35. h4 e5 36. Qxf5 gxf5 37. Ne3 e6 38. c5 Kf8 39. Nc4 Ke7 40. Na5
b6 41. cxb6 axb6 42. Nc4 b5 43. Na3 Nd6 44. h5 f4 45. g4 e3 46. Kf3 e4+ 47.
Kxf4 e2 48. Nc2 b4 49. Ke3 Nb5 50. Kxe2 Nc3+ 51. Ke3 Nxa2 52. Kxe4 Nc1 53. Nd4
Kf7 54. Ke5 Nd3+ 55. Kd6 e5 56. Nf5 e4 57. Kd5 Nf2 58. Nd6+ Ke7 59. Nxe4 Nxg4
60. Kc4 Ke6 61. Kxb4 Kf5 62. g6 hxg6 63. hxg6 Kxe4 64. g7 Nf6 65. Kc5 Kf5
1/2-1/2

[Event "Mem. V. Mencikove"]
[Site "Prague"]
[Date "2016.09.18"]
[Round "3.4"]
[White "Michalik, Peter"]
[Black "Pribyl, Josef"]
[Result "1-0"]
[WhiteElo "2521"]
[BlackElo "2247"]
[PlyCount "83"]
[EventDate "2016.09.18"]
[EventType "swiss (rapid)"]
[EventRounds "9"]
[EventCountry "CZE"]

1. e4 d6 2. d4 Nf6 3. Nc3 e5 4. Nf3 Nbd7 5. Bc4 Be7 6. a4 O-O 7. O-O c6 8. a5
Rb8 9. Re1 b5 10. axb6 axb6 11. d5 b5 12. Bf1 b4 13. Na4 cxd5 14. exd5 Bb7 15.
Bc4 Qc7 16. b3 Nc5 17. Nxc5 Qxc5 18. Be3 Qc7 19. Ra4 Ng4 20. Rxb4 Nxe3 21. Rxe3
Ra8 22. h3 Ra2 23. Qe2 Rfa8 24. Re4 Bc8 25. Bd3 Rb2 26. Rec4 Qd8 27. Ra4 Bd7
28. Rxa8 Qxa8 29. Rc7 Qd8 30. Ra7 Rb1+ 31. Kh2 Bf8 32. c4 Rxb3 33. Bxh7+ Kh8
34. Bc2 Rb2 35. Nxe5 Qh4 36. Nxf7+ Kg8 37. Rxd7 Qf4+ 38. g3 Qc1 39. Bh7+ Kxh7
40. Qh5+ Qh6 41. Nxh6 Rxf2+ 42. Kg1 1-0

[Event "Mem. V. Mencikove"]
[Site "Prague"]
[Date "2016.09.18"]
[Round "3.5"]
[White "Matras, Ondrej"]
[Black "Cernousek, Lukas"]
[Result "1/2-1/2"]
[WhiteElo "2188"]
[BlackElo "2494"]
[PlyCount "156"]
[EventDate "2016.09.18"]
[EventType "swiss (rapid)"]
[EventRounds "9"]
[EventCountry "CZE"]

1. d4 Nf6 2. c4 g6 3. Nc3 d5 4. cxd5 Nxd5 5. Bd2 Nb6 6. Nf3 Bg7 7. e3 O-O 8.
Be2 N8d7 9. O-O c5 10. Qc2 cxd4 11. exd4 Nf6 12. Rad1 Nfd5 13. Nxd5 Nxd5 14.
Rfe1 Qd6 15. h3 Be6 16. b3 Rac8 17. Qb2 Nf4 18. Bxf4 Qxf4 19. Rc1 Bd5 20. Qa3
Bxf3 21. Bxf3 Bxd4 22. Rxc8 Rxc8 23. Qxe7 Rc2 24. Re2 Rc1+ 25. Re1 Kg7 26. Qe2
Rc7 27. Rd1 Qf6 28. Qd3 Bc5 29. g3 Re7 30. Kg2 h5 31. h4 b6 32. Rd2 a5 33. Re2
Rc7 34. Qd5 Bd4 35. Rd2 Be5 36. Re2 Bd4 37. Rd2 Bc3 38. Re2 Rc5 39. Qb7 Rf5 40.
Re8 Bd4 41. Qa8 Kh7 42. Qb7 Bc5 43. Qa8 Qd4 44. Re2 Rf6 45. Qe4 Qc3 46. Rc2 Qa1
47. Qd5 Qe1 48. Re2 Qc1 49. Qb7 Qc3 50. Qd5 Kg7 51. Qb7 Rd6 52. Bd5 Qf6 53. Bf3
Rd1 54. Qe4 Rd4 55. Qe5 Qxe5 56. Rxe5 Rd2 57. Re2 Rd3 58. Be4 Rc3 59. Bf3 Kf6
60. Bd5 Bd4 61. a4 Rc5 62. Bc4 Rf5 63. Bd3 Rd5 64. Bc4 Rc5 65. Re4 Bc3 66. Rf4+
Rf5 67. Rxf5+ Kxf5 68. Bxf7 Bd4 69. f3 Kf6 70. Be8 Bc5 71. Kf1 Bd4 72. Kg2 Bc5
73. Kh3 Bd4 74. g4 hxg4+ 75. fxg4 Bf2 76. h5 gxh5 77. gxh5 Kg5 78. Kg2 Bc5
1/2-1/2

[Event "Mem. V. Mencikove"]
[Site "Prague"]
[Date "2016.09.18"]
[Round "3.6"]
[White "Kourousis, Epaminondas"]
[Black "Kovar, Josef"]
[Result "0-1"]
[WhiteElo "2458"]
[BlackElo "2161"]
[PlyCount "116"]
[EventDate "2016.09.18"]
[EventType "swiss (rapid)"]
[EventRounds "9"]
[EventCountry "CZE"]

1. d4 b6 2. e4 Bb7 3. Bd3 Nf6 4. Nd2 e6 5. Ngf3 d5 6. e5 Nfd7 7. O-O c5 8. c3
Ba6 9. Bxa6 Nxa6 10. Qe2 Nc7 11. h4 h6 12. h5 Qc8 13. Ne1 Qa6 14. Qg4 cxd4 15.
cxd4 Qa4 16. Nb3 Nb5 17. Nf3 Rc8 18. Be3 Rc4 19. Rfc1 Kd8 20. Rxc4 dxc4 21.
Nbd2 Nc7 22. Rc1 b5 23. b3 Qa3 24. Ne4 Nd5 25. Rc2 cxb3 26. axb3 Nxe3 27. fxe3
Qxb3 28. Rc3 Qa2 29. Kh2 b4 30. Rc6 b3 31. Nfd2 Qa4 32. Rc4 Qb5 33. Qe2 Qb7 34.
Qd3 b2 35. Rc3 f5 36. exf6 gxf6 37. Rb3 Qc7+ 38. g3 f5 39. Nf2 Bd6 40. Nf1 Rg8
41. e4 Qc1 42. e5 Bc7 43. Qd1 f4 44. g4 f3 45. Qxf3 b1=Q 46. Rxb1 Qxb1 47. Ne3
Nxe5 48. dxe5 Bxe5+ 49. Kh3 Ke7 50. Nc4 Qf1+ 51. Qg2 Qxg2+ 52. Kxg2 Bc7 53. Kf3
Rf8+ 54. Ke2 Rf4 55. Nb2 Bb6 56. Nbd3 Rxf2+ 57. Nxf2 Bxf2 58. Kxf2 Kf6 0-1

[Event "Mem. V. Mencikove"]
[Site "Prague"]
[Date "2016.09.18"]
[Round "3.7"]
[White "Pulpan, Jakub"]
[Black "Prochazka, Dalibor"]
[Result "1-0"]
[WhiteElo "2411"]
[BlackElo "2148"]
[PlyCount "47"]
[EventDate "2016.09.18"]
[EventType "swiss (rapid)"]
[EventRounds "9"]
[EventCountry "CZE"]

1. e4 e5 2. Nf3 Nc6 3. Bc4 Nf6 4. Ng5 d5 5. exd5 b5 6. Bf1 h6 7. Nxf7 Kxf7 8.
dxc6 Bc5 9. Be2 Ne4 10. O-O Qh4 11. Qe1 Rf8 12. d3 Nxf2 13. Rxf2+ Kg8 14. Bf3
Bg4 15. Be3 Bxe3 16. Qxe3 Bxf3 17. Rxf3 Rxf3 18. gxf3 Rf8 19. Nd2 Rf6 20. Kh1
Rxc6 21. Rg1 Rxc2 22. Qxe5 g5 23. Ne4 Qh3 24. Nxg5 1-0